| 000 | 01159cam a2200241 a 4500 | ||
|---|---|---|---|
| 008 | 910604r20031989ck a jr 00011dspa d | ||
| 020 | _a9580408556 | ||
| 040 |
_aCO-JMCR _cCO-JMCR _bspa _dCO-JMCR _erda |
||
| 041 | 0 | _aspa | |
| 082 | 0 | 4 |
_aC _bSTEd _223 |
| 100 | 1 |
_aStevenson, Robert Louis, _d1850-1894. _944026 |
|
| 245 | 1 | 3 |
_aEl diablo de la botella / _cRobert Louis Stevenson |
| 260 |
_aBogotá : _bEditorial Norma, _c1989. |
||
| 300 |
_a77 páginas : _bilustraciones ; _c20 cm. |
||
| 440 | 0 |
_aTorre de papel. _pTorre amarilla _997 |
|
| 500 | _aPara lectores a partir de 11 años. | ||
| 520 | 3 | _aLos poderes sobrenaturales escondidos en una botella permiten a sus dueños obtener toda clase de riquezas,, pero a un costo tan alto que todos quieren deshacerse de ella. Este clásico de la literatura, lleno de misterio y aventuras, mantiene el suspenso y proporciona a los jóvenes el placer que se deriva de toda buena lectura. | |
| 700 | 1 |
_aCastellanos, Diana, _d1953- _944027 |
|
| 700 | 1 |
_aGarcía Larralde, Eleonora, _944028 |
|
| 700 | 1 |
_aBorrero, Lucía, _941959 |
|
| 999 |
_c30936 _d17320 |
||